The Indonesian economy
Sparad:
| Huvudupphovsman: | |
|---|---|
| Materialtyp: | Bok |
| Språk: | Undetermined |
| Publicerad: |
New York
Praeger
1980
|
| Ämnen: | |
| Taggar: |
Lägg till en tagg
Inga taggar, Lägg till första taggen!
|
| Thư viện lưu trữ: | Trung tâm Học liệu Trường Đại học Cần Thơ |
|---|
| LEADER | 00518nam a2200205Ia 4500 | ||
|---|---|---|---|
| 001 | CTU_91291 | ||
| 008 | 210402s9999 xx 000 0 und d | ||
| 082 | |a 330.9598 | ||
| 082 | |b P213 | ||
| 100 | |a Papanek, Gustav F. | ||
| 245 | 4 | |a The Indonesian economy | |
| 245 | 0 | |c Gustav F. Papanek | |
| 260 | |a New York | ||
| 260 | |b Praeger | ||
| 260 | |c 1980 | ||
| 650 | |a Indonesia | ||
| 650 | |x Economic conditions | ||
| 650 | |y 1945- | ||
| 904 | |i Tuyến | ||
| 980 | |a Trung tâm Học liệu Trường Đại học Cần Thơ | ||